Historický vývoj riadenia ľudských zdrojov
Skúmanie trendov vo vývoji riadenia ľudských zdrojov. Míľniky v rozvoji riadenia ľudských zdrojov. Výsledky prieskumu, ktorý analyzoval zmeny v riadení ľudských zdrojov v organizáciách pôsobiacich na Slovensku za obdobie rokov 2010-2019.
Salvato in:
| Autore principale: | |
|---|---|
| Altri autori: | , , |
| Natura: | Capitolo di libro |
| Lingua: | slovacco |
| Soggetti: | |
| Tags: |
Nessun Tag, puoi essere il primo ad aggiungerne!!
|
MARC
| LEADER | 00000naa a2200000 4500 | ||
|---|---|---|---|
| 001 | 0263921 | ||
| 005 | 20240502083758.4 | ||
| 041 | 0 | |a slo | |
| 044 | |a CZ | ||
| 245 | 1 | 0 | |a Historický vývoj riadenia ľudských zdrojov |c Katarína Stachová, Zdenko Stacho, Jana Blštáková, Zuzana Joniaková |
| 520 | |a Skúmanie trendov vo vývoji riadenia ľudských zdrojov. Míľniky v rozvoji riadenia ľudských zdrojov. Výsledky prieskumu, ktorý analyzoval zmeny v riadení ľudských zdrojov v organizáciách pôsobiacich na Slovensku za obdobie rokov 2010-2019. | ||
| 610 | 2 | 0 | |a riadenie ľudských zdrojov |
| 610 | 2 | 0 | |a vedenie ľudí |
| 610 | 2 | 0 | |a vedenie podniku |
| 610 | 2 | 0 | |a zdroje ľudské |
| 610 | 2 | 0 | |a outsourcing |
| 610 | 2 | 0 | |a technológie nové |
| 610 | 2 | 0 | |a prieskum |
| 100 | 1 | |a Stachová, Katarína | |
| 700 | 1 | |a Stacho, Zdenko | |
| 700 | 1 | |a Blštáková, Jana, 1980- | |
| 700 | 1 | |a Joniaková, Zuzana, 1970- | |